Grey's Anatomy Specialties - Statistics

General Stats
  • This quiz has been taken 1,868 times
  • The average score is 13 of 15
Answer Stats
Hint Answer % Correct
Meredith General
98%
Miranda General
98%
Richard General
98%
Derek Neuro
98%
Amelia Neuro
98%
Cristina Cardio
97%
Callie Ortho
96%
Alex Pediatric
95%
Mark Plastics
93%
Jackson Plastics
93%
Jackson Plastics
93%
April Trauma
93%
Owen Trauma
93%
Addison Fetal
42%
Arizona Fetal
42%
No matching quizzes found
Score Distribution
Percent of People with Each Score
Percentile by Number Answered
Your Score History
You have not taken this quiz